| 000 | 00913cam a2200301 4500 | ||
|---|---|---|---|
| 001 | 1727641 | ||
| 003 | OSt | ||
| 005 | 20150408113746.0 | ||
| 008 | 730625s1973 enka b 001 0 eng | ||
| 010 | _a 73161829 | ||
| 015 | _aB73-10916 | ||
| 020 | _a0710074735 | ||
| 040 |
_aMU _cDLC _dMB |
||
| 043 | _ae-uk--- | ||
| 050 | 0 | 0 |
_aHN385 _b.R62 1973 |
| 082 | 0 | 0 | _a309.1/42/08 |
| 100 | 1 |
_aRoebuck, Janet. _99075 |
|
| 245 | 1 | 4 | _aThe making of modern English society from 1850. |
| 260 |
_aLondon, _bRoutledge and Kegan Paul, _c1973. |
||
| 300 |
_axii, 205 p. _billus. _c22 cm. |
||
| 350 | _a£2.40 | ||
| 440 | 0 |
_aDevelopment of English society _99076 |
|
| 504 | _aBibliography: p. 195-198. | ||
| 651 | 0 |
_aGreat Britain _xSocial conditions _y20th century. _99077 |
|
| 651 | 0 |
_aGreat Britain _xSocial conditions _y19th century. _96852 |
|
| 906 |
_a7 _bcbc _corignew _d3 _encip _f19 _gy-gencatlg |
||
| 942 |
_2ddc _cBOOK |
||
| 999 |
_c3417 _d237917 |
||